000 00523nam a2200169Ia 4500
003 GCL
008 140319s9999 xx 000 0 ara d
040 _aGCL /
_cGCL
082 0 4 _a239
_bج م
100 1 _aجلال مظهر
245 1 0 _aمحمد رسول الله (ص) : سيرته وأثره فى الحضارة /
_cجلال مظهر
490 _aكتاب
_v0
650 0 4 _aالسيرة النبوية
650 0 4 _aالحضارة الاسلامية
650 0 4 _aالغزوات الاسلامية
942 _2ddc
_cBK
999 _c43235
_d43235